Hungary Country Quiz - Statistics

General Stats
  • This quiz has been taken 535 times
  • The average score is 8 of 12
Answer Stats
Hint Answer % Correct
Capital Budapest
100%
River in the above Danube River
89%
River between Hungary and Slovakia Danube River
89%
Largest lake Lake Balaton
80%
Second largest city Debrecen
79%
Currency Forint
79%
Fourth largest city Szeged
69%
River in the above Tisza River
68%
Third largest city Miskolc
59%
Highest point Mt. Kekes
59%
Above is in what hills? Matra Hills
40%
River between Hungary and Croatia Drava River
5%
No matching quizzes found
Score Distribution
Percent of People with Each Score
Percentile by Number Answered
Your Score History
You have not taken this quiz